Data book for scientists and engineers / (Record no. 8842)
[ view plain ]
| 000 -LEADER | |
|---|---|
| fixed length control field | 00549cam a2200217ua 4500 |
| 041 ## - LANGUAGE CODE | |
| Language code of text/sound track or separate title | eng |
| 082 ## - DEWEY DECIMAL CLASSIFICATION NUMBER | |
| Classification number | 028.766 |
| Item number | RAM/DA |
| 100 ## - MAIN ENTRY--AUTHOR NAME | |
| Personal name | Ramalingom, T . |
| 245 ## - TITLE STATEMENT | |
| Title | Data book for scientists and engineers / |
| 250 ## - EDITION STATEMENT | |
| Edition statement | 1 / |
| 260 ## - PUBLICATION, DISTRIBUTION, ETC. (IMPRINT) | |
| Place of publication | New Delhi : |
| Name of publisher | Oxford & IBH Publishing company , |
| Year of publication | 1984. |
| 300 ## - PHYSICAL DESCRIPTION | |
| Number of Pages | 404 ; . |
| 500 ## - GENERAL NOTE | |
| General note | ** Reference |
| 942 ## - ADDED ENTRY ELEMENTS (KOHA) | |
| Koha item type | Books |
| Withdrawn status | Lost status | Damaged status | Home library | Current library | Date acquired | Full call number | Accession Number | Koha item type | Cost, normal purchase price |
|---|---|---|---|---|---|---|---|---|---|
| Damaged | KAUAET | 19/08/1986 | 028.766 | 15380 | Books | ||||
| Damaged | KAUAET | 20/08/1986 | 028.766 | 15469 | Books | ||||
| KAUAET | KAUAET | 23/01/2025 | 028.766 RAM/DA | 16305 | Books | 45.00 |
